General Knowledge IV - Statistics

General Stats
  • This quiz has been taken 40 times
    26 since last reset
  • The average score is 7 of 15
Answer Stats
Question Answer % Correct
What is the only country that starts with the letter O? Oman
95%
Who wrote Animal Farm? George Orwell
85%
Which German city is called Koln in its native language? Cologne
80%
What is the capital of Alaska? Juneau
70%
What is the longest river in Europe? Volga
70%
Who was the British Prime Minister at the start of WWII? Neville Chamberlain
65%
What is the name for the toast fingers served with a soft boiled egg? Soldiers
55%
What kind of pH does an acid have? Below 7
50%
Who is often referred to as The Father of Geometry? Euclid
45%
What is the nationality of tennis player Caroline Wozniacki? Danish
30%
Wtih what song did Hanson have a 1997 number one hit? Mmmbop
30%
Apart from the platypus, which is the only mammal to lay eggs? Echidna
25%
What is the real name of rapper Childish Gambino? Donald Glover
20%
Which of Roger Hargreaves' Mr Men is a purple triangle? Mr Rush
15%
What is the collective term for a group of hedgehogs? Array
10%
No matching quizzes found
Score Distribution
Percent of People with Each Score
Percentile by Number Answered
Your Score History
You have not taken this quiz since the last reset